000 01034nam a22001697a 4500
005 20260123084106.0
008 230713b ||||| |||| 00| 0 eng d
040 _cSSBUL
_dSSBUL
082 _223
_a၃၂၈.၅၉၁ စ ၁၆၁၃၀ (S-SAT)
245 _aစတုတ္ထအကြိမ် ပြည်သူ့လွှတ်တော်ပထမအစည်းအဝေးကျင်းပမည့်ပြည်သူ့လွှတ်တော် အစည်းအဝေးခန်းမနှင့် စပ်လျဉ်းသည့်စီစဉ်ထားရှိချက်များ/
260 _c၁၉၈၅။
300 _a၅၉ စာမျက်နှာ၊
_c၁၈ စင်တီ။
500 _aS-SAT: Dr. Prof Sai Aung Tun
650 _aမြန်မာနိုင်ငံပြည်သူ့လွှတ်တော်။
_927829
650 _aလွှတ်တော်အစည်းအဝေးများ
_zမြန်မာနိုင်ငံ။
_927844
942 _2ddc
_cBK1
999 _c27151
_d27151